00297nam a22000977a 4500020002200000050001000022060001000032245007900042250001100121260006700132 a978-986-97417-5-0 a863.3 a863.3 a第二十屆林榮三文學獎b得獎作品集c孫梓評.謝麗笙編輯 a初版 a新北市b財團法人林榮三文化公益基金會c2025.01